Normal view
MARC view
- تأليف الازرقي، ابي الوليد محمد بن عبدالله بن احمد ؛ تحقيق رشدي الصالح ملحس
Entry Personal Name
001 - CONTROL NUMBER
- control field: 61368
003 - CONTROL NUMBER IDENTIFIER
- control field: JO-AjAnu
005 - DATE AND TIME OF LATEST TRANSACTION
- control field: 20230606084028.0
008 - FIXED-LENGTH DATA ELEMENTS
- fixed length control field: 230606|| aca||aabn | a|a d
040 ## - CATALOGING SOURCE
- Original cataloging agency: JO-AjAnu
- Transcribing agency: JO-AjAnu
100 ## - HEADING--PERSONAL NAME
- Personal name: تأليف الازرقي، ابي الوليد محمد بن عبدالله بن احمد ؛ تحقيق رشدي الصالح ملحس
670 ## - SOURCE DATA FOUND
- Source citation: Work cat.: (JO-AjAnu)31304: تأليف الازرقي، ابي الوليد محمد بن عبدالله بن احمد ؛ تحقيق رشدي الصالح ملحس, author, اخبار مكة وما جاء فيها من الاثار، ج1-2